000 00629nam a22002657a 4500
001 22131
003 UA-OsUOA
005 20220209181129.0
007 ta
008 20031217b un ||||| |||| 00| 0 ukr d
020 _a5-06-003049-0
040 _aUA-OsUOA
_brus
_cUA-OsUOA
_dUA-OsUOA
041 _arus
044 _aRU
080 _a1(091)"6"
090 _a1(091)"6"
_bА90
100 _aАсмус В. Ф.
245 _aАнтичная философия
250 _a3-е изд.
260 _aМосква
_bВысшая школа
_c2001
300 _a400 с.
650 7 _2UDC
942 _cBK
_2udc
955 _a0
999 _c308345
_d308345